| 000 | 01254nam a2200397 i 4500 | ||
|---|---|---|---|
| 001 | 39997 | ||
| 003 | KOSZ 005 | ||
| 005 | 20240405063130.0 | ||
| 008 | 001010s1999 pl f |000 0 pol d | ||
| 020 | _a838717842X | ||
| 040 |
_cKOSZ 005 _aKOSZ 005 _dKOSZ 005/HR |
||
| 045 | _bd2000 | ||
| 046 | _k1999 | ||
| 080 | _a349.44(438) | ||
| 080 | _a528 | ||
| 100 |
_aŚmiałowska-Uberman, Zofia _eAutor |
||
| 245 | 1 | 0 |
_aPrawo geodezyjne i kartograficzne : _bkomentarz / _cZofia Śmiałowska-Uberman. |
| 260 |
_aKatowice : _b"Gall", _c1999. |
||
| 300 |
_a255 s. ; _c21 cm. |
||
| 336 |
_2rdacontent _aTekst _btxt |
||
| 337 |
_2rdamedia _aBez urządzenia pośerdniczącego _bn |
||
| 338 |
_2rdacarrier _aWolumin _bnc |
||
| 380 | _aKsiążki | ||
| 380 | _aPublikacje fachowe | ||
| 388 | _a1901-2000 | ||
| 388 | _a1989-2000 | ||
| 504 | _aBibliogtr. | ||
| 648 | 7 | _a1901-2000 | |
| 648 | 7 | _a1989-2000 | |
| 650 | 7 | _aPrawo geodezyjne i kartograficzne | |
| 655 | 7 | _aKomentarz do ustawy | |
| 658 | _aPrawo i wymiar sprawiedliwości | ||
| 710 | 2 |
_aWydawnictwo Gall _4pbl |
|
| 856 |
_uhttp://koha.tu.koszalin.pl/cgi-bin/koha/opac-detail.pl?biblionumber=39997 _yKatalog online BPK |
||
| 942 |
_cKS _2UKD |
||
| 999 |
_c39997 _d39997 |
||